[Event "Oberliga Baden 2324"]
[Site "Germany"]
[Date "2024.03.17"]
[Round "8.5"]
[White "Haas, Frank Martin"]
[Black "Falk, Kristoffer"]
[Result "0-1"]
[WhiteElo "2113"]
[BlackElo "1999"]
[PlyCount "71"]
[EventDate "2023.09.17"]
[EventType "team-tourn"]
[EventRounds "9"]
[EventCountry "GER"]
[SourceTitle "EXT 2025"]
[Source "ChessBase"]
[SourceDate "2024.10.14"]
[SourceVersion "1"]
[SourceVersionDate "2024.10.14"]
[SourceQuality "1"]
[WhiteTeam "Walldorf II"]
[BlackTeam "Ladenburg"]
[WhiteTeamCountry "GER"]
[BlackTeamCountry "GER"]

1. e4 c5 2. d4 cxd4 3. c3 Nf6 4. e5 Nd5 5. Nf3 Nc6 6. cxd4 d6 7. exd6 Qxd6 8. Nc3 g6 9. Nb5 Qe6+ 10. Be2 a6 11. Nc3 Qd6 12. 0-0 Bg7 13. Ne4 Qd8 14. h3 0-0 15. Be3 Qb6 16. Qb3 Qxb3 17. axb3 Nxe3 18. fxe3 Bh6 19. Kf2 Nb4 20. Ne1 b6 21. Nc3 Be6 22. Bc4 b5 23. Bxe6 fxe6+ 24. Ke2 Rxf1 25. Kxf1 Bxe3 26. Nxb5 Rf8+ 27. Ke2 Nd5 28. Rxa6 Rf2+ 29. Kd3 Rxb2 30. Rxe6 Nf4+ 31. Kc3 Re2 32. Rxe3 Rxe3+ 33. Kd2 Re2+ 34. Kd1 Rb2 35. Nc3 Rxb3 36. Kd2 0-1

[Event "Oberliga Baden 2324"]
[Site "Germany"]
[Date "2024.01.14"]
[Round "5.6"]
[White "Falk, Kristoffer"]
[Black "Hecht, Jonas Christian"]
[Result "0-1"]
[WhiteElo "1999"]
[BlackElo "1999"]
[PlyCount "72"]
[EventDate "2023.09.17"]
[EventType "team-tourn"]
[EventRounds "9"]
[EventCountry "GER"]
[SourceTitle "EXT 2025"]
[Source "ChessBase"]
[SourceDate "2024.10.14"]
[SourceVersion "1"]
[SourceVersionDate "2024.10.14"]
[SourceQuality "1"]
[WhiteTeam "Ladenburg"]
[BlackTeam "Brombach"]
[WhiteTeamCountry "GER"]
[BlackTeamCountry "GER"]

1. d4 d5 2. c4 e6 3. Nf3 Nf6 4. g3 Be7 5. Bg2 0-0 6. 0-0 Nbd7 7. Qc2 c6 8. Rd1 Ne4 9. Nc3 Nxc3 10. Qxc3 f5 11. b4 a5 12. b5 cxb5 13. cxb5 a4 14. Ba3 Bxa3 15. Qxa3 Qb6 16. Rab1 Nf6 17. Qc5 Qxc5 18. dxc5 Bd7 19. Ne5 Rfc8 20. Rdc1 Be8 21. e3 Nd7 22. Nd3 Rc7 23. c6 bxc6 24. b6 Rb7 25. Rxc6 Kf7 26. Nf4 Nf8 27. Rxe6 Nxe6 28. Bxd5 Rab8 29. Bxe6+ Kf6 30. Bd5 Rxb6 31. Rc1 Rb1 32. Rxb1 Rxb1+ 33. Kg2 Bf7 34. Bc6 a3 35. Nd5+ Ke5 36. f4+ Kd6 0-1

[Event "Oberliga Baden 2223"]
[Site "Germany"]
[Date "2022.10.09"]
[Round "2.2"]
[White "Arnold, Max"]
[Black "Falk, Kristoffer"]
[Result "1/2-1/2"]
[WhiteElo "2346"]
[BlackElo "1973"]
[PlyCount "95"]
[EventDate "2022.09.18"]
[EventType "team-tourn"]
[EventRounds "9"]
[EventCountry "GER"]
[SourceTitle "EXT 2024"]
[Source "ChessBase"]
[SourceDate "2023.10.10"]
[SourceVersion "1"]
[SourceVersionDate "2023.10.10"]
[SourceQuality "1"]
[WhiteTeam "Ettlingen"]
[BlackTeam "Ladenburg"]
[WhiteTeamCountry "GER"]
[BlackTeamCountry "GER"]

1. e4 c5 2. Nc3 Nc6 3. Bb5 Nd4 4. Nf3 a6 5. Bd3 Nc6 6. Nd5 d6 7. c3 Bg4 8. Bc2 e6 9. Ne3 Bxf3 10. Qxf3 Nf6 11. 0-0 Be7 12. Qh3 Qd7 13. f4 e5 14. Qxd7+ Nxd7 15. Nd5 Rc8 16. d3 Bf6 17. g3 0-0 18. Be3 Ne7 19. Nxf6+ Nxf6 20. fxe5 dxe5 21. Bg5 Rc6 22. h3 Rd8 23. Rf3 h6 24. Be3 Ne8 25. Bb3 Nd6 26. Raf1 Rf8 27. Bc1 Rc7 28. Kg2 Ng6 29. h4 Re8 30. Bd5 Nf8 31. g4 Ree7 32. Rg3 Kh7 33. g5 h5 34. g6+ Nxg6 35. Rg5 Nxh4+ 36. Kg3 Ng6 37. Rxh5+ Kg8 38. Rg5 Nf8 39. Rg4 Ne6 40. Bh6 Ne8 41. Be3 Rcd7 42. Rf5 b6 43. Rxe5 Nf6 44. Rh4 Nxd5 45. exd5 Nc7 46. Rxe7 Rxe7 47. Bxc5 bxc5 48. d6 1/2-1/2

[Event "GER Cup final"]
[Site "Magdeburg"]
[Date "2020.08.22"]
[Round "5"]
[White "Kuberczyk, Christoph"]
[Black "Falk, Kristoffer"]
[Result "1-0"]
[WhiteElo "2348"]
[BlackElo "2042"]
[PlyCount "79"]
[EventDate "2020.08.20"]
[EventType "swiss"]
[EventRounds "5"]
[EventCountry "GER"]
[SourceTitle "EXT 2022"]
[Source "ChessBase"]
[SourceDate "2021.10.06"]
[SourceVersion "1"]
[SourceVersionDate "2021.10.06"]
[SourceQuality "1"]

1. Nf3 Nf6 2. c4 e6 3. g3 d5 4. Bg2 Be7 5. 0-0 0-0 6. d4 c6 7. Qc2 b6 8. Rd1 Nbd7 9. Bf4 Ba6 10. b3 Rc8 11. Nc3 dxc4 12. e4 Bb4 13. Nd2 Qe7 14. Nxc4 Bxc4 15. bxc4 e5 16. dxe5 Nxe5 17. a3 Bd6 18. Ne2 Nh5 19. Nd4 g6 20. Bh3 Bc5 21. Bxe5 Qxe5 22. Nf3 Qf6 23. Bxc8 Qxf3 24. Bh3 Nf4 25. Bf1 Ne6 26. Bg2 Qf6 27. Kh1 Nd4 28. Qb2 Rd8 29. Rd3 Qe7 30. Rad1 Ne6 31. Rxd8+ Nxd8 32. a4 a6 33. f4 h5 34. Qe5 Ne6 35. Bh3 Qc7 36. Bxe6 Qxe5 37. fxe5 fxe6 38. Rd7 Kf8 39. Rc7 Ke8 40. Rg7 1-0

[Event "GER Cup final"]
[Site "Magdeburg"]
[Date "2020.08.21"]
[Round "4"]
[White "Falk, Kristoffer"]
[Black "Cofman, Veaceslav"]
[Result "1/2-1/2"]
[WhiteElo "2042"]
[BlackElo "2272"]
[PlyCount "36"]
[EventDate "2020.08.20"]
[EventType "swiss"]
[EventRounds "5"]
[EventCountry "GER"]
[SourceTitle "EXT 2022"]
[Source "ChessBase"]
[SourceDate "2021.10.06"]
[SourceVersion "1"]
[SourceVersionDate "2021.10.06"]
[SourceQuality "1"]

1. d4 Nf6 2. Nf3 c5 3. c4 cxd4 4. Nxd4 d5 5. cxd5 Nxd5 6. g3 Nb4 7. Qa4+ N4c6 8. Nxc6 Nxc6 9. Bg2 Bd7 10. 0-0 e6 11. Nc3 Qb6 12. Be3 Qxb2 13. Rab1 Qxc3 14. Rxb7 Qa3 15. Qd1 Qd6 16. Qa4 Qa3 17. Qd1 Qd6 18. Qa4 Qa3 1/2-1/2

[Event "Erfurt op-A 29th"]
[Site "Erfurt"]
[Date "2019.12.28"]
[Round "4"]
[White "Falk, Kristoffer"]
[Black "Pubantz, Jan"]
[Result "0-1"]
[WhiteElo "2042"]
[BlackElo "2207"]
[PlyCount "80"]
[EventDate "2019.12.26"]
[EventType "swiss"]
[EventRounds "8"]
[EventCountry "GER"]
[SourceTitle "CBM 194 Extra"]
[Source "ChessBase"]
[SourceDate "2020.03.31"]
[SourceVersion "1"]
[SourceVersionDate "2020.03.31"]
[SourceQuality "1"]

1. d4 Nf6 2. Nf3 d5 3. c4 e6 4. g3 Be7 5. Bg2 0-0 6. 0-0 c6 7. Qc2 b6 8. b3 Nbd7 9. Rd1 Ba6 10. Nbd2 Rc8 11. e4 c5 12. e5 Ne8 13. cxd5 cxd4 14. Qe4 Bb7 15. Qxd4 Bxd5 16. Nc4 Nc7 17. Ne3 Bc6 18. Bb2 Nd5 19. Nxd5 Bxd5 20. Rac1 Rxc1 21. Rxc1 Nc5 22. Qe3 Qa8 23. Rd1 Rd8 24. h4 h6 25. Qe2 Rd7 26. Ne1 Qd8 27. b4 Bxg2 28. Rxd7 Nxd7 29. Nxg2 Bxb4 30. Qe4 a5 31. Nf4 Nc5 32. Qc6 Nd3 33. Nxd3 Qxd3 34. a3 Qb1+ 35. Qc1 Qxc1+ 36. Bxc1 Bc3 37. Bf4 b5 38. Kf1 Bb2 39. Bd2 b4 40. axb4 a4 0-1

[Event "Erfurt op-A 29th"]
[Site "Erfurt"]
[Date "2019.12.28"]
[Round "5"]
[White "Payyappat, Sayas"]
[Black "Falk, Kristoffer"]
[Result "1-0"]
[WhiteElo "2166"]
[BlackElo "2042"]
[PlyCount "41"]
[EventDate "2019.12.26"]
[EventType "swiss"]
[EventRounds "8"]
[EventCountry "GER"]
[SourceTitle "CBM 194 Extra"]
[Source "ChessBase"]
[SourceDate "2020.03.31"]
[SourceVersion "1"]
[SourceVersionDate "2020.03.31"]
[SourceQuality "1"]

1. e4 c5 2. Nf3 Nc6 3. d4 cxd4 4. Nxd4 Nf6 5. Nc3 e5 6. Ndb5 d6 7. Bg5 a6 8. Na3 b5 9. Bxf6 gxf6 10. Nd5 Bg7 11. c4 b4 12. Nc2 a5 13. Be2 f5 14. exf5 Bxf5 15. Nce3 Bg6 16. Qa4 Rc8 17. Bg4 Be4 18. Bxc8 Qxc8 19. f3 Bg6 20. c5 e4 21. Nc4 1-0

[Event "GER CupT 1819 prel7"]
[Site "Ortenburg"]
[Date "2019.01.26"]
[Round "1.3"]
[White "Geshnizjani, Ramin Tobias"]
[Black "Falk, Kristoffer"]
[Result "1-0"]
[WhiteElo "2124"]
[BlackElo "1997"]
[PlyCount "25"]
[EventDate "2019.01.26"]
[EventType "team-k.o."]
[EventRounds "2"]
[EventCountry "GER"]
[SourceTitle "EXT 2021"]
[Source "ChessBase"]
[SourceDate "2020.10.23"]
[SourceVersion "1"]
[SourceVersionDate "2020.10.23"]
[SourceQuality "1"]
[WhiteTeam "Heilbronn"]
[BlackTeam "Ilmenau"]
[WhiteTeamCountry "GER"]
[BlackTeamCountry "GER"]

1. e4 c5 2. c3 d5 3. exd5 Qxd5 4. d4 g6 5. Nf3 Bg7 6. Na3 cxd4 7. Nb5 Na6 8. Qa4 Qd7 9. cxd4 b6 10. Bf4 Bb7 11. Nd6+ Kd8 12. Nxf7+ Ke8 13. Bb5 1-0

[Event "Leipzig DSAM Cup"]
[Site "Leipzig"]
[Date "2018.05.31"]
[Round "1"]
[White "Ozerov, Ilja"]
[Black "Falk, Kristoffer"]
[Result "1-0"]
[WhiteElo "2166"]
[BlackElo "1988"]
[PlyCount "75"]
[EventDate "2018.05.31"]
[EventType "swiss"]
[EventRounds "5"]
[EventCountry "GER"]
[SourceTitle "EXT 2019"]
[Source "ChessBase"]
[SourceDate "2018.10.10"]
[SourceVersion "1"]
[SourceVersionDate "2018.10.10"]
[SourceQuality "1"]

1. f4 d5 2. Nf3 g6 3. g3 Bg7 4. Bg2 Nf6 5. 0-0 0-0 6. d3 c5 7. Qe1 Nc6 8. e4 d4 9. h3 e6 10. g4 Ne8 11. f5 exf5 12. exf5 gxf5 13. Nh4 fxg4 14. Nf5 Bxf5 15. Rxf5 Qe7 16. Qg3 Nd6 17. Rh5 Rae8 18. Bd2 Qe6 19. hxg4 Ne5 20. Bf4 f5 21. Nd2 Nef7 22. Nf3 fxg4 23. Ng5 Qg6 24. Nxf7 Nxf7 25. Rxc5 Rc8 26. Be4 Qf6 27. Rh5 Nh6 28. Be5 Qe6 29. Rg5 Nf5 30. Bxf5 Rxf5 31. Rxg7+ Kf8 32. Bxd4 Rxc2 33. Qb8+ Rc8 34. Qxb7 Rf3 35. Qb4+ Ke8 36. Re1 Rc1 37. Qb8+ Rc8 38. Qxc8# 1-0

[Event "Lueneburg distr-ch Vormeisterturnier"]
[Site "Buchholz in der Nordheide"]
[Date "2007.11.01"]
[Round "8.4"]
[White "Nannt, Michael"]
[Black "Falk, Kristoffer"]
[Result "1-0"]
[WhiteElo "1663"]
[BlackElo "1837"]
[PlyCount "107"]
[EventDate "2007.10.27"]
[EventType "swiss"]
[EventRounds "9"]
[EventCountry "GER"]
[SourceTitle "EXT 2015"]
[Source "ChessBase"]
[SourceDate "2014.11.20"]
[SourceVersion "1"]
[SourceVersionDate "2014.11.20"]
[SourceQuality "1"]

1. e4 c5 2. f4 d5 3. e5 Nc6 4. Nf3 Bg4 5. Bb5 e6 6. 0-0 Nh6 7. h3 Bxf3 8. Qxf3 Nf5 9. c3 Be7 10. Bd3 Nh4 11. Qg3 Ng6 12. Bxg6 hxg6 13. d3 Qb6 14. Nd2 Bh4 15. Qe3 d4 16. Qe4 0-0 17. Nc4 Qd8 18. Nd6 Be7 19. Nc4 Qd7 20. Na3 Rad8 21. c4 a6 22. Bd2 Rb8 23. b3 b5 24. g3 b4 25. Nc2 Rb6 26. Kg2 a5 27. a4 bxa3 28. Nxa3 Rxb3 29. Nb5 Ra8 30. Qe2 a4 31. Rf3 Nb4 32. Bxb4 cxb4 33. Qc2 Qc6 34. Nxd4 Rc3 35. Qxc3 Qb6 36. Qc2 Qxd4 37. Rxa4 Rxa4 38. Qxa4 Qc3 39. h4 b3 40. d4 Qd2+ 41. Rf2 Qxd4 42. Qxb3 Bc5 43. Qa2 Kh7 44. Qe2 Kg8 45. Rf1 Kf8 46. Rd1 Qc3 47. Qd2 Qxd2+ 48. Rxd2 Ke7 49. Kf3 Ke8 50. g4 Ke7 51. Rb2 f5 52. Rb7+ Kf8 53. Rc7 Bb4 54. c5 1-0

[Event "Lueneburg distr-ch Vormeisterturnier"]
[Site "Buchholz in der Nordheide"]
[Date "2007.10.29"]
[Round "3.3"]
[White "Guennigmann, Laura"]
[Black "Falk, Kristoffer"]
[Result "1/2-1/2"]
[WhiteElo "1804"]
[BlackElo "1837"]
[PlyCount "85"]
[EventDate "2007.10.27"]
[EventType "swiss"]
[EventRounds "9"]
[EventCountry "GER"]
[SourceTitle "EXT 2015"]
[Source "ChessBase"]
[SourceDate "2014.11.20"]
[SourceVersion "1"]
[SourceVersionDate "2014.11.20"]
[SourceQuality "1"]

1. e4 c5 2. Nf3 e6 3. d4 cxd4 4. Nxd4 Nc6 5. Nc3 Qc7 6. Be3 Nf6 7. g3 Be7 8. Bg2 0-0 9. 0-0 d6 10. Kh1 a6 11. f4 Na5 12. Bg1 e5 13. Nf5 Bxf5 14. exf5 Rac8 15. Nd5 Nxd5 16. Qxd5 b5 17. c3 Nc4 18. Rab1 exf4 19. Rxf4 Bg5 20. Rg4 Bf6 21. Bd4 Ne5 22. Re4 Rfd8 23. Rbe1 Qc4 24. R4e3 Kf8 25. h3 Bg5 26. Qxc4 bxc4 27. R3e2 Nd3 28. Rd1 Re8 29. Rxe8+ Rxe8 30. b3 cxb3 31. axb3 Nb2 32. Rb1 Nd3 33. Rd1 Nc1 34. b4 Ne2 35. Kh2 Re7 36. h4 Be3 37. Bxe3 Rxe3 38. Rxd6 Rxc3 39. Rxa6 Nxg3 40. f6 gxf6 41. Rxf6 Ne2 42. Bd5 Rc7 43. b5 1/2-1/2

[Event "Lueneburg distr-ch Vormeisterturnier"]
[Site "Buchholz in der Nordheide"]
[Date "2007.10.28"]
[Round "2.1"]
[White "Falk, Kristoffer"]
[Black "Cohrs, Joerg Artur"]
[Result "1/2-1/2"]
[WhiteElo "1837"]
[BlackElo "1886"]
[PlyCount "32"]
[EventDate "2007.10.27"]
[EventType "swiss"]
[EventRounds "9"]
[EventCountry "GER"]
[SourceTitle "EXT 2015"]
[Source "ChessBase"]
[SourceDate "2014.11.20"]
[SourceVersion "1"]
[SourceVersionDate "2014.11.20"]
[SourceQuality "1"]

1. e4 c5 2. Nf3 d6 3. d4 cxd4 4. Nxd4 Nf6 5. Nc3 a6 6. Bd3 Nc6 7. Nb3 e5 8. Bg5 Be7 9. Bxf6 Bxf6 10. 0-0 0-0 11. Nd2 Be6 12. Bc4 Nd4 13. Bd5 Qc7 14. Nb3 Rac8 15. Qd2 b5 16. a3 h6 1/2-1/2

[Event "Lueneburg distr-ch Vormeisterturnier"]
[Site "Buchholz in der Nordheide"]
[Date "2007.10.27"]
[Round "1.6"]
[White "Kuberczyk, Christoph"]
[Black "Falk, Kristoffer"]
[Result "0-1"]
[WhiteElo "1666"]
[BlackElo "1837"]
[PlyCount "62"]
[EventDate "2007.10.27"]
[EventType "swiss"]
[EventRounds "9"]
[EventCountry "GER"]
[SourceTitle "EXT 2015"]
[Source "ChessBase"]
[SourceDate "2014.11.20"]
[SourceVersion "1"]
[SourceVersionDate "2014.11.20"]
[SourceQuality "1"]

1. d4 d5 2. c4 e6 3. Nc3 Nf6 4. Bg5 Be7 5. e3 0-0 6. Nf3 Nbd7 7. Rc1 h6 8. Bh4 b6 9. Bd3 Bb7 10. 0-0 c5 11. Qe2 Rc8 12. Rfd1 cxd4 13. exd4 dxc4 14. Bxc4 Bxf3 15. gxf3 Nh5 16. Bg3 Bg5 17. Rc2 Nf4 18. Qf1 Qf6 19. Ne4 Qg6 20. Rc3 Nd5 21. Ra3 a5 22. Bd3 Qh5 23. Be2 Be7 24. Rad3 Qg6 25. Qg2 f5 26. Nd6 Rc2 27. R3d2 Rxd2 28. Rxd2 f4 29. Bb5 fxg3 30. fxg3 Bxd6 31. Bxd7 Qf7 0-1

[Event "Niedersachsen-ch"]
[Site "Verden"]
[Date "2006.01.06"]
[Round "4"]
[White "Falk, Kristoffer"]
[Black "Roehrkasten, Reinhard"]
[Result "1/2-1/2"]
[WhiteElo "1606"]
[BlackElo "1875"]
[PlyCount "27"]
[EventDate "2006.01.??"]
[EventType "swiss"]
[EventRounds "7"]
[EventCountry "GER"]
[SourceTitle "CBM 110 Extra"]
[Source "ChessBase"]
[SourceDate "2006.03.10"]
[SourceVersion "2"]
[SourceVersionDate "2006.03.10"]
[SourceQuality "1"]

1. e4 c6 2. d4 d5 3. exd5 cxd5 4. c4 Nf6 5. Nc3 e6 6. Nf3 Be7 7. Bd3 Nc6 8. a3 0-0 9. c5 b6 10. b4 bxc5 11. bxc5 e5 12. dxe5 Ng4 13. 0-0 Ngxe5 14. Nxd5 1/2-1/2

[Event "Niedersachsen-ch"]
[Site "Verden"]
[Date "2006.01.05"]
[Round "2"]
[White "Falk, Kristoffer"]
[Black "Herrmann, Andreas"]
[Result "0-1"]
[WhiteElo "1606"]
[BlackElo "2214"]
[PlyCount "58"]
[EventDate "2006.01.??"]
[EventType "swiss"]
[EventRounds "7"]
[EventCountry "GER"]
[SourceTitle "CBM 110 Extra"]
[Source "ChessBase"]
[SourceDate "2006.03.10"]
[SourceVersion "2"]
[SourceVersionDate "2006.03.10"]
[SourceQuality "1"]

1. e4 c5 2. Nf3 d6 3. d4 cxd4 4. Nxd4 Nf6 5. Nc3 a6 6. Bd3 e5 7. Nf3 Nc6 8. Bg5 Be6 9. 0-0 Be7 10. Bxf6 Bxf6 11. Qd2 0-0 12. Ne2 d5 13. Ng3 g6 14. Rfe1 Bg7 15. Rad1 d4 16. a4 h6 17. b4 Rc8 18. b5 axb5 19. axb5 Na5 20. Qb4 Re8 21. Ra1 Nc4 22. Ra7 Bf8 23. Qb1 Qb6 24. Ra4 Rc5 25. Rb4 Na3 26. Qb2 Nxc2 27. Bxc2 Rxc2 28. Qxc2 Bxb4 29. Rb1 Bd6 0-1

[Event "Niedersachsen-ch U16"]
[Site "Rotenburg/Wuemme"]
[Date "2005.03.24"]
[Round "8"]
[White "Falk, Kristoffer"]
[Black "Heitmann, Timo"]
[Result "1/2-1/2"]
[WhiteElo "1619"]
[BlackElo "1498"]
[PlyCount "61"]
[EventDate "2005.03.19"]
[EventType "swiss"]
[EventRounds "9"]
[EventCountry "GER"]
[SourceTitle "EXT 2007"]
[Source "ChessBase"]
[SourceDate "2006.11.23"]
[SourceVersion "1"]
[SourceVersionDate "2006.11.23"]
[SourceQuality "1"]

1. d4 e6 2. c4 d5 3. Nf3 c6 4. Bg5 f6 5. Bd2 f5 6. e3 Nf6 7. Bd3 Bd6 8. Qb3 Qe7 9. 0-0 Ne4 10. Qc2 0-0 11. Ne5 Nd7 12. f4 Ndf6 13. Nc3 Nxd2 14. Qxd2 Ne4 15. Bxe4 fxe4 16. c5 Bc7 17. b4 Bd7 18. a4 b6 19. Ne2 bxc5 20. bxc5 Rab8 21. Rab1 Bxe5 22. fxe5 Rxf1+ 23. Rxf1 Qd8 24. Nc3 Bc8 25. Rb1 Ba6 26. Qa2 Bc4 27. Rxb8 Qxb8 28. Qa3 a5 29. h3 Qb3 30. Qxb3 Bxb3 31. Kf2 1/2-1/2

[Event "Niedersachsen-ch U16"]
[Site "Rotenburg/Wuemme"]
[Date "2005.03.23"]
[Round "7"]
[White "Afken, Jonas"]
[Black "Falk, Kristoffer"]
[Result "0-1"]
[WhiteElo "1597"]
[BlackElo "1619"]
[PlyCount "72"]
[EventDate "2005.03.19"]
[EventType "swiss"]
[EventRounds "9"]
[EventCountry "GER"]
[SourceTitle "EXT 2007"]
[Source "ChessBase"]
[SourceDate "2006.11.23"]
[SourceVersion "1"]
[SourceVersionDate "2006.11.23"]
[SourceQuality "1"]

1. Nf3 d5 2. g3 c5 3. Bg2 Nc6 4. 0-0 e5 5. d3 Be7 6. Nbd2 Nf6 7. e4 d4 8. Nc4 Nd7 9. a4 Rb8 10. Ne1 0-0 11. f4 f6 12. f5 a6 13. b3 b5 14. axb5 axb5 15. Nb2 Bb7 16. h4 Ra8 17. Rxa8 Qxa8 18. g4 Qa2 19. Kf2 Qb1 20. g5 fxg5 21. hxg5 Bxg5 22. Bxg5 Qxb2 23. Rh1 g6 24. Qg4 Rf7 25. Bf3 Nf8 26. Bh6 Ne7 27. Bxf8 Kxf8 28. Qg3 gxf5 29. Qxe5 fxe4 30. dxe4 Qc3 31. Qd6 Qe3+ 32. Kg3 Rg7+ 33. Kh2 Qf2+ 34. Bg2 Bxe4 35. Rg1 Rg6 36. Qb8+ Kf7 0-1

[Event "Niedersachsen-ch U16"]
[Site "Rotenburg/Wuemme"]
[Date "2005.03.22"]
[Round "6"]
[White "Falk, Kristoffer"]
[Black "Neitzel, Christoph"]
[Result "1/2-1/2"]
[WhiteElo "1619"]
[BlackElo "1554"]
[PlyCount "33"]
[EventDate "2005.03.19"]
[EventType "swiss"]
[EventRounds "9"]
[EventCountry "GER"]
[SourceTitle "EXT 2007"]
[Source "ChessBase"]
[SourceDate "2006.11.23"]
[SourceVersion "1"]
[SourceVersionDate "2006.11.23"]
[SourceQuality "1"]

1. e4 e5 2. f4 exf4 3. Nf3 Nf6 4. Nc3 d5 5. exd5 Nxd5 6. Bc4 Nb6 7. Bb3 Be7 8. 0-0 0-0 9. d3 Nc6 10. a3 Nd4 11. Nxd4 Qxd4+ 12. Kh1 Be6 13. Bxe6 fxe6 14. Ne2 Qc5 15. d4 Qb5 16. a4 Qc6 17. Rxf4 1/2-1/2

[Event "Niedersachsen-ch U14"]
[Site "Borkum"]
[Date "2004.04.08"]
[Round "8"]
[White "Sauer, Norwin"]
[Black "Falk, Kristoffer"]
[Result "1/2-1/2"]
[WhiteElo "1594"]
[BlackElo "1574"]
[PlyCount "86"]
[EventDate "2004.04.??"]
[EventType "swiss"]
[EventRounds "9"]
[EventCountry "GER"]
[SourceTitle "EXT 2005"]
[Source "ChessBase"]
[SourceDate "2004.11.15"]
[SourceVersion "1"]
[SourceVersionDate "2004.11.15"]
[SourceQuality "1"]

1. d4 Nf6 2. c4 e5 3. dxe5 Ng4 4. Nf3 Nc6 5. e4 Bc5 6. Bg5 Bxf2+ 7. Kd2 f6 8. exf6 gxf6 9. Bf4 Qe7 10. Nc3 d6 11. h3 Nge5 12. Nxe5 Nxe5 13. Qh5+ Ng6 14. Nd5 Qf7 15. Be3 Bg3 16. Bd4 Be5 17. Bxe5 fxe5 18. Be2 c6 19. Raf1 Qg7 20. Ne3 Bd7 21. Nf5 Bxf5 22. exf5 e4 23. Kc2 0-0-0 24. fxg6 d5 25. Rf7 Qxg6 26. Qxg6 hxg6 27. Bg4+ Kb8 28. Re7 Rhf8 29. Rd7 Rxd7 30. Bxd7 d4 31. Re1 Rf2+ 32. Kc1 e3 33. g4 Kc7 34. Be8 g5 35. Bg6 Kd6 36. Bd3 c5 37. Rf1 Rxf1+ 38. Bxf1 Ke5 39. Kc2 Ke4 40. Be2 Kf4 41. Kd3 Kg3 42. Ke4 Kf2 43. Kd3 Kg3 1/2-1/2

[Event "GER-ch U12"]
[Site "Winterberg"]
[Date "2002.05.23"]
[Round "8"]
[White "Falk, Kristoffer"]
[Black "Heistermann, Till"]
[Result "0-1"]
[WhiteElo "1298"]
[BlackElo "1483"]
[PlyCount "54"]
[EventDate "2002.05.19"]
[EventType "swiss"]
[EventRounds "11"]
[EventCountry "GER"]
[SourceTitle "CBM 088 Extra"]
[Source "ChessBase"]
[SourceDate "2002.07.01"]
[SourceVersion "2"]
[SourceVersionDate "2002.07.01"]
[SourceQuality "1"]

1. e4 c5 2. Nf3 Nc6 3. d4 cxd4 4. Nxd4 g6 5. Nc3 Bg7 6. Be3 d6 7. Bc4 Nf6 8. f3 0-0 9. Qd2 Bd7 10. 0-0-0 Qa5 11. g4 Rfc8 12. h4 Nxd4 13. Qxd4 Nxg4 14. Bxf7+ Kxf7 15. Qd3 Nxe3 16. Qxe3 Rc5 17. f4 Bxc3 18. bxc3 Rxc3 19. Qd4 Rac8 20. Rh2 Qxa2 21. Qd5+ Qxd5 22. Rxd5 Ba4 23. Rdd2 Rxc2+ 24. Rxc2 Rxc2+ 25. Rxc2 Bxc2 26. Kxc2 e5 27. fxe5 dxe5 0-1